| 000 | 00342nam a22001457a 4500 | ||
|---|---|---|---|
| 008 | 210312b ||||| |||| 00| 0 eng d | ||
| 020 | _a0256024731 | ||
| 041 | _aeng | ||
| 080 |
_23rd _a330.722.6 |
||
| 082 | _a330.722.6 | ||
| 100 | _a61 | ||
| 101 | _aKF | ||
| 245 |
_aFundamentals of Financial Accounting _cWelsch, G. A |
||
| 942 |
_2udc _cBK |
||
| 999 |
_c56598 _d56598 |
||